000 01092cab a2200277 4500
001 ABS48636
008 090401t1993 xxu||||| |||| 00| 0 eng d
035 _a(Sirsi) u67694
041 _aeng
100 _aCoombes, M.
245 _aGIS in community boundary definition
260 _c1993
350 _a0
490 _aMapping Awareness
_v7(4) May 1993, 41-44(4)
520 _aWhen the Government set up the Local Government Commission to review local government structure, boundaries and electoral arrangements the DoE commissioned the authors to report on the range and nature of data sources for mapping community boundaries. The report also included discourse on the feasibility of incorporating the data sources into a GIS system. Summarises the GIS recommendations.
650 _aBoundary disputes
_96221
650 _aGIS
650 _aGIS
650 _aLOCAL GOVERNMENT COMMISSION
690 _aMANAGEMENT-BUSINESS MANAGEMENT-INFORMATION MANAGEMENT
700 _aOpenshaw, S.
700 _aWong, C.
700 _aRaybould, S.
942 _n0
948 _c04/03/1997
999 _c42382
_d42382